LEADER 01566nam a2200325 a 4500 001 000000154563 003 CaOOAMICUS 005 20161003142949.0 008 161003s2014 nr u000 u eng r 020 $a978-978-8458-25-8* 032 $aLibriCat 040 $aPUL$bita 082 04$a270.092 245 00$aAugustine through the ages :$bpassionate reflections of his African spiritual sons at their 75 /$ceditors Bartholomew Chidili, OSA, Ph.D, Kanu, Ikechukwu Anthony, OSA. 260 $aJos Plateau State, Nigeria :$bAugustinian Publications,$c2014. 300 $axiv, 439 p. ;$c24 cm. 500 $aInclude indice. 600 04$aAugustinus,$cs., vesc. d'Ippona,$d354-430.$0(OLS)http://pul/subject/758 610 24$aAgostiniani$zNigeria.$0(OLS)http://pul/subject/43753 700 1 $aChidili, Bartholomew.$0(OLS)http://pul/name/98397 700 1 $aKanu, Ikechukwu Anthony,$cO.S.A.$0(OLS)http://pul/name/95036 850 $aPUL 852 $aPUL$W1$xDP2 Religione 3$y114$m270. 092 CHIBA 1$j177611$qDDC 21$B180610$CPULBib$Z2$F180610 $H128162 $81 941 1 $a9 960 $aAgostino,$cs., vesc. d'Ippona,$d354-430$9758 996 $6020$a978-978-8458-25-8*$9(OLS)http://pul/number/161226 996 $6082$a270.092$9(OLS)http://pul/classification/509 996 $6245$aAugustine through the ages :$bpassionate reflections of his African spiritual sons at their 75$9(OLS)http://pul/title/194171 996 $6260$aJos Plateau State, Nigeria :$bAugustinian Publications$9(OLS)http://pul/publisher/84474 LEADER 01124nam a2200253 a 4500 001 000000026927 003 CaOOAMICUS 005 20121113120803.0 008 941103s1971 be fh u000 u lat r 035 $a10698081 040 $aOCX$bita$dNIC$dCStRLIN$dNjP$dPUL(R)$delep 041 0 $alat$aeng 098 $aBe*** 245 10$aAelredi Rievallensis Opera omnia /$cediderunt Q. Hoste, O.S.B. et C.H. Talbot. 260 $aTurnholti :$bBrepols,$c1971. 300 $axviii, 766 p., [1] c. di tav. :$bfacs. ;$c25 cm 490 1 $aAelredi Rievallensis Opera omnia ;$v1. 490 1 $aCorpus Christianorum.$aContinuatio Mediaevalis ;$v1 504 $aBibliografia: p. [xi]-xii. 546 $aTesto in latino, introduzione in inglese. 800 0 $aEthelredus,$cs.,$d1110-1167.$tOpera omnia ;$v1.$0(OLS)http://pul/nameTitle/1265$0(OLS)http://pul/name/1982$0(OLS)http://pul/title/2415 850 $aPUL 852 $aPUL$W1$xSL Cons. Gen., Altre Classi 1$y1$m2008 B 1.1$j139851$nBK-PRI$qStampati$B37551$CPULBib$Z2$F37551 $H33021 $82 996 $6260$aTurnholti :$bBrepols$9(OLS)http://pul/publisher/47842